000 00947nam a2200277 a 4500
001 000007434
003 OSt
005 20251118080058.0
008 090908s1966 dr 001 0 spa d
040 _aDO-SdBNP
_bspa
_cBNPHU
082 _a346.029
_bC965e
100 1 _aCuello, Julio A.
_920639
245 1 0 _aEnriquecimiento ilícito y confiscación general de bienes :
_bteoría y procedimiento /
_cJulio A. Cuello.
260 _aSanto Domingo :
_bCapel Dominicana,
_c1966.
300 _a160 p. ;
_c24 cm.
490 1 _aDerecho
500 _aIncluye referencias bibliográficas y notas al pie de las páginas
504 _aBibliografía : p. 157-159
590 _aInventariado, 2020 /LP
650 0 _aEnriquecimiento ilícito
_920640
650 4 _aConfiscación de bienes
_920641
650 0 _a Delitos de los funcionarios
_96080
650 4 _aDerecho civil
_zRepública Dominicana
_91058
830 0 _aDerecho
_911855
942 _2ddc
_cLBS1
999 _c7215
_d7215